Peinture : Quelle bataille est représentée ? - Statistiques

Statistiques générales
  • Ce quiz a été pris 78 fois
  • Le résultat moyen est 9 sur 33
Statistiques - réponses
Par images Hint Réponse % Correct
1515 Marignan
76%
1429 Entrée de Jeanne d'Arc à {Orléans}
71%
1806 Iena
66%
732 Poitiers
61%
1805 Austerlitz
58%
1594 Entrée d'Henri IV à {Paris}
56%
1809 Wagram
52%
883-886 Le comte Eudes défend {Paris}
40%
1214 Bouvines
39%
1807 Friedland
35%
496 Tolbiac
34%
1797 Rivoli
31%
1781 Prise de {Yorktown}
27%
1453 Castillon
24%
1745 Fontenoy
23%
1643 Rocroy
23%
1658 Bataille des {Dunes}
19%
1794 Fleurus
19%
1558 Prise de {Calais}
19%
1712 Denain
18%
1364 Cocherel
16%
1799 Zurich
16%
1495 Entrée de Charles VIII à {Naples}
15%
1648 Lens
11%
1242 Taillebourg
11%
1677 Prise de {Valenciennes}
10%
1800 Hohenlinden
6%
1693 La Marsaille
6%
1747 Lawfeld
6%
785 Charlemagne reçoit la soumission de Widukind à {Paderborn}
5%
1304 Mons-en-Pévèle
5%
1710 Villaviciosa
3%
1328 Cassel
2%
Aucun quiz correspondant
Distribution des résultats
% des personnes avec chaque résultat
Percentile par nombre de réponses
Votre historique - résultats
Vous n’avez pas pris ce quiz